MARC details
| 000 -CABECERA |
| campo de control de longitud fija |
03527nam a22002777a 4500 |
| 008 - DATOS DE LONGITUD FIJA--INFORMACIÓN GENERAL |
| campo de control de longitud fija |
250514b |||||||| |||| 00| 0 eng d |
| 020 ## - NÚMERO INTERNACIONAL ESTÁNDAR DEL LIBRO |
| Número Internacional Estándar del Libro |
9788419878793 |
| 040 ## - FUENTE DE LA CATALOGACIÓN |
| Centro/agencia transcriptor |
tbs |
| 041 ## - CÓDIGO DE LENGUA |
| Código de lengua del texto/banda sonora o título independiente |
spa |
| 041 ## - CÓDIGO DE LENGUA |
| Código de lengua original |
eng |
| 050 ## - SIGNATURA TOPOGRÁFICA DE LA BIBLIOTECA DEL CONGRESO |
| Número de clasificación |
QH375 |
| Número de documento/Ítem |
.M37 2021 |
| 100 ## - ENTRADA PRINCIPAL--NOMBRE DE PERSONA |
| Nombre de persona |
Marletto, Chiara |
| 9 (RLIN) |
25215 |
| Término indicativo de función/relación |
author |
| 240 ## - TÍTULO UNIFORME |
| Título uniforme |
The science of can and can't ; |
| Lenguaje de la obra |
Spanish. |
| 245 ## - MENCIÓN DE TÍTULO |
| Título |
La ciencia de lo posible |
| Resto del título |
: física de los mundos alternativos |
| Mención de responsabilidad, etc. |
/ Chiara Marletto. |
| 250 ## - MENCIÓN DE EDICIÓN |
| Mención de edición |
First edition. |
| 260 ## - PUBLICACIÓN, DISTRIBUCIÓN, ETC. |
| Lugar de publicación, distribución, etc. |
Madrid : |
| Nombre del editor, distribuidor, etc. |
Editorial Pinolia, |
| Fecha de publicación, distribución, etc. |
2024. |
| 300 ## - DESCRIPCIÓN FÍSICA |
| Extensión |
233 pages : |
| Otras características físicas |
illustrations (black and white) ; |
| Dimensiones |
23 cm. |
| 490 ## - MENCIÓN DE SERIE |
| Mención de serie |
Divulgación científica |
| 504 ## - NOTA DE BIBLIOGRAFÍA, ETC. |
| Nota de bibliografía, etc. |
Includes bibliographical references and index. |
| 520 ## - SUMARIO, ETC. |
| Sumario, etc. |
Existe una vasta categoría de cosas que la ciencia, hasta ahora, ha descuidado casi por completo. Son fundamentales para comprender la realidad física, tanto a nivel cotidiano como en los fenómenos más básicos de la física, pero tradicionalmente se ha asumido que es imposible incorporarlas a las explicaciones científicas fundamentales. Se trata de hechos no sobre lo que es—lo actual—sino sobre lo que podría ser: los contrafactuales.<br/><br/>Según la física Chiara Marletto, las leyes sobre lo que es posible o imposible podrían ofrecer una forma alternativa de proporcionar explicaciones. Este enfoque fascinante y de gran alcance tiene el potencial de revolucionar la manera en que se formula la física fundamental, además de ofrecer herramientas esenciales para enfrentar desafíos tecnológicos actuales, desde el desarrollo de la próxima generación de dispositivos de procesamiento de información, más allá de la computadora cuántica universal, hasta el diseño de inteligencias artificiales.<br/><br/>Cada capítulo del libro expone cómo un problema abierto y persistente en la ciencia puede resolverse mediante este enfoque radicalmente distinto; y se complementa con breves relatos de ficción que explican el punto principal del capítulo. Como demuestra Marletto, contemplar lo que es posible puede ofrecernos una visión más completa y esperanzadora del mundo físico. |
| 520 ## - SUMARIO, ETC. |
| Sumario, etc. |
There is a vast class of things that science has so far almost entirely neglected. They are central to the understanding of physical reality both at an everyday level and at the level of the most fundamental phenomena in physics, yet have traditionally been assumed to be impossible to incorporate into fundamental scientific explanations. They are facts not about what is--the actual--but about what could be: counterfactuals. According to physicist Chiara Marletto, laws about things being possible or impossible may generate an alternative way of providing explanations. This fascinating, far-reaching approach holds promise for revolutionizing the way fundamental physics is formulated, but also for providing essential tools to face existing technological challenges, from delivering the next generation of information-processing devices, beyond the universal quantum computer, to designing AIs. Each chapter in the book delineates how an existing vexed open problem in science can be solved by this radically different approach; and it is augmented by short fictional stories that explicate the main point of the chapter. As Marletto demonstrates, contemplating what is possible can give us a more complete and hopeful picture of the physical world. |
| 650 #0 - PUNTO DE ACCESO ADICIONAL DE MATERIA--TÉRMINO DE MATERIA |
| Término de materia o nombre geográfico como elemento de entrada |
Science |
| Subdivisión general |
Philosophy |
| 9 (RLIN) |
13314 |
| 650 #0 - PUNTO DE ACCESO ADICIONAL DE MATERIA--TÉRMINO DE MATERIA |
| Término de materia o nombre geográfico como elemento de entrada |
Natural selection |
| 9 (RLIN) |
11117 |
| 650 #0 - PUNTO DE ACCESO ADICIONAL DE MATERIA--TÉRMINO DE MATERIA |
| Término de materia o nombre geográfico como elemento de entrada |
Counterfactuals (Logic) |
| 9 (RLIN) |
25216 |
| 942 ## - ELEMENTOS DE ENTRADA AGREGADA (KOHA) |
| Fuente del sistema de clasificación o colocación |
Clasificación de Library of Congress |